K-pop Quiz #5 - Statistics

General Stats
  • This quiz has been taken 53 times
  • The average score is 6 of 16
Answer Stats
Picture Answer % Correct
Kard
86%
Got7
75%
Viviz
69%
Got the Beat
56%
Wonder Girls
53%
BTOB
44%
Loossemble
44%
Young Posse
36%
Oh my girl
33%
Purple Kiss
22%
82 Major
14%
Cravity
14%
Weki Meki
14%
X:IN
14%
A.C.E
8%
WOOAH
8%
No matching quizzes found
Score Distribution
Percent of People with Each Score
Percentile by Number Answered
Your Score History
You have not taken this quiz